<?xml version="1.0" encoding="UTF-8"?>
<record
    xmlns:xsi="http://www.w3.org/2001/XMLSchema-instance"
    xsi:schemaLocation="http://www.loc.gov/MARC21/slim http://www.loc.gov/standards/marcxml/schema/MARC21slim.xsd"
    xmlns="http://www.loc.gov/MARC21/slim">

  <leader>02702nam a22003497a 4500</leader>
  <controlfield tag="005">20100803151315.0</controlfield>
  <controlfield tag="008">100412t        xxu||||| |||| 00| 0 ur d</controlfield>
  <datafield tag="020" ind1=" " ind2=" ">
    <subfield code="c">450.00</subfield>
    <subfield code="a">9788182235274 (v.1)</subfield>
  </datafield>
  <datafield tag="035" ind1=" " ind2=" ">
    <subfield code="a">B-395305-311 (v.1)</subfield>
  </datafield>
  <datafield tag="037" ind1=" " ind2=" ">
    <subfield code="b">Educational Publishing House</subfield>
  </datafield>
  <datafield tag="040" ind1=" " ind2=" ">
    <subfield code="a">dpl</subfield>
    <subfield code="b">ur</subfield>
  </datafield>
  <datafield tag="082" ind1=" " ind2=" ">
    <subfield code="a">840.92</subfield>
  </datafield>
  <datafield tag="100" ind1=" " ind2=" ">
    <subfield code="a">&#x646;&#x642;&#x648;&#x6CC;&#x60C; &#x646;&#x642;&#x634;&#x628;&#x646;&#x62F; &#x642;&#x645;&#x631;</subfield>
    <subfield code="9">616</subfield>
  </datafield>
  <datafield tag="245" ind1=" " ind2=" ">
    <subfield code="a"> &#x67E;&#x627;&#x646;&#x686;&#x648;&#x627;&#x6BA; &#x62F;&#x631;&#x648;&#x64A;&#x634; /</subfield>
    <subfield code="c">&#x646;&#x642;&#x634;&#x628;&#x646;&#x62F; &#x642;&#x645;&#x631; &#x646;&#x642;&#x648;&#x6CC;</subfield>
    <subfield code="b"> </subfield>
  </datafield>
  <datafield tag="246" ind1=" " ind2=" ">
    <subfield code="a">Panchwan Darvesh /</subfield>
    <subfield code="b">by Naqsband Qamar Naqvi</subfield>
  </datafield>
  <datafield tag="260" ind1=" " ind2=" ">
    <subfield code="a">  &#x62F;&#x644;&#x651;&#x6CC;</subfield>
    <subfield code="b">&#x627;&#x6CC;&#x62C;&#x648;&#x6A9;&#x64A;&#x634;&#x646;&#x644; &#x67E;&#x628;&#x644;&#x634;&#x646;&#x6AF; &#x6C1;&#x627;&#x624;&#x633;</subfield>
    <subfield code="c">2009</subfield>
  </datafield>
  <datafield tag="270" ind1=" " ind2=" ">
    <subfield code="a">3108,VakilStreet, Kucha Pandit, Lal Kuan</subfield>
    <subfield code="b"> Delhi</subfield>
    <subfield code="e">110006</subfield>
    <subfield code="k">23216162, 23214465</subfield>
    <subfield code="m"> info@ephbooks.com, ephdelhi@yahoo.com</subfield>
    <subfield code="l">0091-11-23211540</subfield>
  </datafield>
  <datafield tag="300" ind1=" " ind2=" ">
    <subfield code="a">459 &#x635;</subfield>
    <subfield code="c">22 &#x633; &#x645;  (Hb)</subfield>
  </datafield>
  <datafield tag="500" ind1=" " ind2=" ">
    <subfield code="a"> </subfield>
  </datafield>
  <datafield tag="600" ind1=" " ind2=" ">
    <subfield code="a">&#x6A9;&#x6C1;&#x627; &#x646;&#x6CC;</subfield>
    <subfield code="9">966</subfield>
  </datafield>
  <datafield tag="600" ind1=" " ind2=" ">
    <subfield code="a">Story</subfield>
    <subfield code="9">967</subfield>
  </datafield>
  <datafield tag="700" ind1=" " ind2=" ">
    <subfield code="9">4765</subfield>
  </datafield>
  <datafield tag="942" ind1=" " ind2=" ">
    <subfield code="2">ddc</subfield>
    <subfield code="c">UR</subfield>
    <subfield code="h">840.92</subfield>
    <subfield code="m">&#x646; &#x642; &#x648;</subfield>
  </datafield>
  <datafield tag="999" ind1=" " ind2=" ">
    <subfield code="c">39006</subfield>
    <subfield code="d">39006</subfield>
  </datafield>
  <datafield tag="952" ind1=" " ind2=" ">
    <subfield code="0">0</subfield>
    <subfield code="1">0</subfield>
    <subfield code="2">ddc</subfield>
    <subfield code="3">vol. 1</subfield>
    <subfield code="4">0</subfield>
    <subfield code="7">0</subfield>
    <subfield code="8">NFIC</subfield>
    <subfield code="a">L</subfield>
    <subfield code="b">L</subfield>
    <subfield code="d">2010-08-03</subfield>
    <subfield code="e">EPH /3406 / 31.03.10 / 4:5 / 25.03.10 / 31.03.10</subfield>
    <subfield code="g">450.00</subfield>
    <subfield code="l">0</subfield>
    <subfield code="o">840.92 &#x646; &#x642; &#x648;</subfield>
    <subfield code="p">B-395305</subfield>
    <subfield code="r">2010-08-03 00:00:00</subfield>
    <subfield code="t">1</subfield>
    <subfield code="v">450.00</subfield>
    <subfield code="y">UR</subfield>
    <subfield code="z">Vol.-1</subfield>
  </datafield>
  <datafield tag="952" ind1=" " ind2=" ">
    <subfield code="0">0</subfield>
    <subfield code="1">0</subfield>
    <subfield code="2">ddc</subfield>
    <subfield code="3">vol. 1</subfield>
    <subfield code="4">0</subfield>
    <subfield code="7">0</subfield>
    <subfield code="8">NFIC</subfield>
    <subfield code="a">BL1</subfield>
    <subfield code="b">BL1</subfield>
    <subfield code="d">2010-08-03</subfield>
    <subfield code="e">EPH /3406 / 31.03.10 / 4:5 / 25.03.10 / 31.03.10</subfield>
    <subfield code="g">450.00</subfield>
    <subfield code="l">0</subfield>
    <subfield code="o">840.92 &#x646; &#x642; &#x648;</subfield>
    <subfield code="p">B-395306</subfield>
    <subfield code="r">2010-08-03 00:00:00</subfield>
    <subfield code="t">1</subfield>
    <subfield code="v">450.00</subfield>
    <subfield code="y">UR</subfield>
    <subfield code="z">vol. 1</subfield>
  </datafield>
  <datafield tag="952" ind1=" " ind2=" ">
    <subfield code="0">0</subfield>
    <subfield code="1">0</subfield>
    <subfield code="2">ddc</subfield>
    <subfield code="3">vol. 1</subfield>
    <subfield code="4">0</subfield>
    <subfield code="7">0</subfield>
    <subfield code="8">NFIC</subfield>
    <subfield code="a">JP</subfield>
    <subfield code="b">JP</subfield>
    <subfield code="d">2010-08-03</subfield>
    <subfield code="e">EPH /3406 / 31.03.10 / 4:5 / 25.03.10 / 31.03.10</subfield>
    <subfield code="g">450.00</subfield>
    <subfield code="l">3</subfield>
    <subfield code="o">840.92 &#x646; &#x642; &#x648;</subfield>
    <subfield code="p">B-395307</subfield>
    <subfield code="r">2015-03-19 00:00:00</subfield>
    <subfield code="s">2015-03-09</subfield>
    <subfield code="t">1</subfield>
    <subfield code="v">450.00</subfield>
    <subfield code="y">UR</subfield>
    <subfield code="z">Vol. 1</subfield>
  </datafield>
  <datafield tag="952" ind1=" " ind2=" ">
    <subfield code="0">0</subfield>
    <subfield code="1">0</subfield>
    <subfield code="2">ddc</subfield>
    <subfield code="3">vol. 1</subfield>
    <subfield code="4">0</subfield>
    <subfield code="7">0</subfield>
    <subfield code="8">NFIC</subfield>
    <subfield code="a">SP</subfield>
    <subfield code="b">SP</subfield>
    <subfield code="d">2010-08-03</subfield>
    <subfield code="e">EPH /3406 / 31.03.10 / 4:5 / 25.03.10 / 31.03.10</subfield>
    <subfield code="g">450.00</subfield>
    <subfield code="l">0</subfield>
    <subfield code="o">840.92 &#x646; &#x642; &#x648;</subfield>
    <subfield code="p">B-395308</subfield>
    <subfield code="r">2010-08-03 00:00:00</subfield>
    <subfield code="t">1</subfield>
    <subfield code="v">450.00</subfield>
    <subfield code="y">UR</subfield>
    <subfield code="z">vol. 1</subfield>
  </datafield>
  <datafield tag="952" ind1=" " ind2=" ">
    <subfield code="0">0</subfield>
    <subfield code="1">0</subfield>
    <subfield code="2">ddc</subfield>
    <subfield code="3">vol. 1</subfield>
    <subfield code="4">0</subfield>
    <subfield code="7">0</subfield>
    <subfield code="8">NFIC</subfield>
    <subfield code="a">BL3</subfield>
    <subfield code="b">BL3</subfield>
    <subfield code="d">2010-08-03</subfield>
    <subfield code="e">EPH /3406 / 31.03.10 / 4:5 / 25.03.10 / 31.03.10</subfield>
    <subfield code="g">450.00</subfield>
    <subfield code="l">0</subfield>
    <subfield code="o">840.92 &#x646; &#x642; &#x648;</subfield>
    <subfield code="p">B-395309</subfield>
    <subfield code="r">2010-08-03 00:00:00</subfield>
    <subfield code="t">1</subfield>
    <subfield code="v">450.00</subfield>
    <subfield code="y">UR</subfield>
    <subfield code="z">vol. 1</subfield>
  </datafield>
  <datafield tag="952" ind1=" " ind2=" ">
    <subfield code="0">0</subfield>
    <subfield code="1">5</subfield>
    <subfield code="2">ddc</subfield>
    <subfield code="3">vol. 1</subfield>
    <subfield code="4">0</subfield>
    <subfield code="7">0</subfield>
    <subfield code="8">NFIC</subfield>
    <subfield code="a">BL4</subfield>
    <subfield code="b">BL4</subfield>
    <subfield code="d">2010-08-03</subfield>
    <subfield code="e">EPH /3406 / 31.03.10 / 4:5 / 25.03.10 / 31.03.10</subfield>
    <subfield code="g">450.00</subfield>
    <subfield code="l">0</subfield>
    <subfield code="o">840.92 &#x646; &#x642; &#x648;</subfield>
    <subfield code="p">B-395310</subfield>
    <subfield code="r">2010-08-03 00:00:00</subfield>
    <subfield code="t">1</subfield>
    <subfield code="v">450.00</subfield>
    <subfield code="y">UR</subfield>
    <subfield code="z">vol. 1</subfield>
  </datafield>
  <datafield tag="952" ind1=" " ind2=" ">
    <subfield code="0">0</subfield>
    <subfield code="1">0</subfield>
    <subfield code="2">ddc</subfield>
    <subfield code="3">vol. 1</subfield>
    <subfield code="4">0</subfield>
    <subfield code="7">0</subfield>
    <subfield code="8">NFIC</subfield>
    <subfield code="a">RC4</subfield>
    <subfield code="b">RC4</subfield>
    <subfield code="d">2010-08-03</subfield>
    <subfield code="e">EPH /3406 / 31.03.10 / 4:5 / 25.03.10 / 31.03.10</subfield>
    <subfield code="g">450.00</subfield>
    <subfield code="l">0</subfield>
    <subfield code="o">840.92 &#x646; &#x642; &#x648;</subfield>
    <subfield code="p">B-395311</subfield>
    <subfield code="r">2010-08-03 00:00:00</subfield>
    <subfield code="t">1</subfield>
    <subfield code="v">450.00</subfield>
    <subfield code="y">UR</subfield>
    <subfield code="z">vol. 1</subfield>
  </datafield>
</record>
